Catalog

Record Details

Catalog Search



Available copies

  • 1 of 2 copies available at LARL/NWRL Consortium.
  • 1 of 2 copies available at Lake Agassiz Regional Library. (Show preferred library)

Current holds

2 current holds with 2 total copies.

Show Only Available Copies
Location Call Number / Copy Notes Barcode Shelving Location Status Due Date
Breckenridge Public Library M REG (Text) 33500014093892 Main On holds shelf -
Ulen LINK Site M REG (Text) 33500014093884 Main Available -

Record details

  • ISBN: 9781837909483
  • ISBN: 1837909482
  • Physical Description: 325 pages ; 20 cm
  • Publisher: London : Bookouture, 2024

Content descriptions

Summary, etc.:
Blood roars in Josie's ears as they circle the ... Read More
Subject: Quinn, Josie (Fictitious character) > Fiction.
Women detectives > Fiction.
Policewomen > Fiction.
Murder > Investigation > Fiction.
Pennsylvania > Fiction.
College students > Fiction.
Genre: Detective and mystery fiction.
Thrillers (Fiction)
Mystery fiction.
Detective and mystery fiction.
Thrillers (Fiction)
Novels.
LDR 04084cam a2200601 i 4500
001450133
003LARL_NWRL_CONSORTIUM
00520241119153541.0
008240202s2024 xxu e 000 1 eng d
040 . ‡aCD5 ‡beng ‡erda ‡cCD5 ‡dCD5 ‡dRCL ‡dYDX ‡dOCLCQ ‡dETC
020 . ‡a9781837909483
020 . ‡a1837909482
035 . ‡a(OCoLC)1419839017
1001 . ‡aRegan, Lisa ‡q(Lisa L.), ‡eauthor. ‡1https://id.oclc.org/worldcat/entity/E39PCjGJQgGqWcTjdBMCGyqwyd
24510. ‡aFace her fear / ‡cLisa Regan.
264 1. ‡aLondon : ‡bBookouture, ‡c2024
300 . ‡a325 pages ; ‡c20 cm
336 . ‡atext ‡btxt ‡2rdacontent
337 . ‡aunmediated ‡bn ‡2rdamedia
338 . ‡avolume ‡bnc ‡2rdacarrier
4900 . ‡aDetective Josie Quinn ; ‡v19
520 . ‡aBlood roars in Josie's ears as they circle the tree in the deep snow. A woman lies still on the freezing ground. The howling wind lifts the last of the snow clinging to her face, exposing her lovely features, frozen in forever sleep. Detective Josie Quinn is still recovering from the killing of a beloved member of her team when she and her husband Noah receive yet more devastating news. Close to her breaking point, Josie heads to a specialist trauma retreat, set in an isolated group of log cabins in the mountains of Pennsylvania. But fear is not far behind her. Josie's five fellow patients all seem to be hiding secrets darker than just the problems that brought them there and a storm is gathering, with thick snow coming down fast, isolating the cabins from the world below. Then one morning, Meg Cleary disappears. Having spent years living in terror of a stalker, Meg had come to the retreat to try to piece her life back together. But now, her cabin is empty, no logs are burning in her fireplace, no tracks in the snow lead to or from her door. Quickly organizing a search, Josie's worst fear is realized when she finds Meg's body lying in the snow, the marks around her neck revealing that her death was no accident. And this is no normal case, as Josie is stranded without her team, a phone signal or any legal authority to investigate. When she discovers that someone has placed hidden cameras inside the retreat buildings, Josie's terror grows with the knowledge that the murderer is among them. Then another patient goes missing. With their food supplies running low and no chance of escape, Josie knows that she is in the greatest danger of her life, and that she alone has a chance to identify the killer and save the rest of the group before it's too late...A totally compelling crime thriller, from an Amazon, USA Today and Wall Street Journal bestselling author. Perfect for fans of Angela Marsons, Robert Dugoni and Rachel Caine.
60010. ‡aQuinn, Josie ‡c(Fictitious character) ‡vFiction.
650 0. ‡aWomen detectives ‡vFiction. ‡0(LARL_NWRL_CONSORTIUM)167906
650 0. ‡aPolicewomen ‡vFiction. ‡0(LARL_NWRL_CONSORTIUM)166589
650 0. ‡aMurder ‡xInvestigation ‡vFiction. ‡0(LARL_NWRL_CONSORTIUM)166203
651 0. ‡aPennsylvania ‡vFiction. ‡0(LARL_NWRL_CONSORTIUM)166710
650 0. ‡aCollege students ‡vFiction. ‡0(LARL_NWRL_CONSORTIUM)164244
655 0. ‡aDetective and mystery fiction.
655 0. ‡aThrillers (Fiction)
655 7. ‡aMystery fiction. ‡2gsafd
655 7. ‡aDetective and mystery fiction. ‡2lcgft
655 7. ‡aThrillers (Fiction) ‡2lcgft
655 7. ‡aNovels. ‡2lcgft
905 . ‡uvanderl
901 . ‡a450133 ‡bAUTOGEN ‡c450133 ‡tbiblio ‡soclc

Additional Resources